Silhouettes: Star Wars Characters Quiz Stats

Quiz Updated Jun 1, 2017

Challenge
Share
Tweet
Score 0/15 Timer 02:00
7 Plays Today
% Correct
Yoda
98.1%
Darth Vader
98%
Jabba the Hutt
97.3%
C-3PO
97%
BB-8
97%
Padmé Amidala
95.7%
Jar Jar Binks
95.5%
Princess Leia
95.5%
% Correct
Darth Maul
93.5%
Boba Fett
92.8%
Mace Windu
92.2%
Kylo Ren
91.2%
Watto
88.9%
Wicket
87.3%
Greedo
81.5%

You're not logged in!

Compare scores with friends on all Sporcle quizzes.
Sign Up with Email
OR
Log In

You Might Also Like...

Show Comments

Extras

Top Quizzes Today


Score Distribution

Your Account Isn't Verified!

In order to create a playlist on Sporcle, you need to verify the email address you used during registration. Go to your Sporcle Settings to finish the process.